00853nam a22002537a 450000500170000001000130001702000230003003500130005303700160006604000120008208200160009410000270011024500360013725000110017326000440018427000460022830000340027450000520030865000480036065000200040894200250042899900190045395201270047220170124110203.0 aA-939356 c225.00a8120313046 aA-939356 bCen Lib/Ret aDPLbEN a004.65bBRY aBryce, James Y.936659 aUsing ISDN /cby James Y. Bryce a2nd ed aNew DelhibPrintice-Hall of Indiac1996 aM-97, Cannaught CircusbNew Delhie110001 axxiv,627p. :c24cm (Hb)b1ll. aIncludes bibliographical references and index  aIntegrated services digital networks936660 aInternet936661 2ddccENh004.65mBRY c133053d133053 00104070aLbLd2015-07-24eCen Lib/Retg225.00l0o004.65 BRYpA-939356r2015-07-24 00:00:00t1v225.00w2015-07-24yEN